ბათუმის შოთა რუსთაველის სახელმწიფო უნივერსიტეტის ბიბლიოთეკა

ქვეყნიერების შვიდი საოცრება : (ბიბ.ჩანაწერი № 56242)

000 -ლიდერი
ფიქსირებული სიგრძის საკონტროლო ველი 01423nam a2200277Ia 4500
001 - საკონტროლო ნომერი
საკონტროლო ველი 23344
003 - საკონტროლო ნომრის იდენტიფიკატორი
საკონტროლო ველი GE_BSU
005 - ბოლო ოპერაციის თარიღი და დრო
საკონტროლო ველი 20260114204933.0
008 - ფიქსირებული სიგრძის მონაცემთა ელემენტები - ზოგადი ინფორმაცია
ფიქსირებული სიგრძის საკონტროლო ველი 181216s1963||||ge |||||||||||||| ||geo||
040 ## - კატალოგიზაციის წყარო
Transcribing agency GE_BSU
041 ## - ენის კოდი
Language code of text/sound track or separate title geo
080 ## - უნივერსალური ათობითი კლასიფიკაციის ინდექსი
Universal Decimal Classification number 94(3)+ 72(3) ნ-44
100 ## - მთავარი ჩანაწერი - პიროვნების სახელი
Personal name ნეიჰარდტი, ალექსანდრა
9 (RLIN) 21336
245 ## - ცნობა სათაურის შესახებ
Title ქვეყნიერების შვიდი საოცრება :
Remainder of title საკითხავი წიგნი V კლასისათვის /
Statement of responsibility, etc ალექსანდრე ნეიჰარდი, ირინე შიშოვა ; მთარგმ.: შ. ბუაჩიძე.
264 ## - წარმოების, გამოცემის, დისტრიბუციის და სხვა ცნობები
გამოცემის, წარმოების, დისტრიბუციის... ადგილი თბილისი :
გამოცემის, წარმოების, დისტრიბუციის... სახელწოდება ცოდნა,
გამოცემის, წარმოების, დისტრიბუციის... თარიღი 1963.
300 ## - ფიზიკური აღწერა
Extent 114 გვ.:
Other physical details ილ;
Dimensions 21 სმ.
653 ## - INDEX TERM--UNCONTROLLED
Uncontrolled term არქიტექტურა
653 ## - INDEX TERM--UNCONTROLLED
Uncontrolled term ისტორია
653 ## - INDEX TERM--UNCONTROLLED
Uncontrolled term ქვეყნიერების შვიდი საოცრება
653 ## - INDEX TERM--UNCONTROLLED
Uncontrolled term საკითხავი წიგნი V კლასისათვის
653 ## - INDEX TERM--UNCONTROLLED
Uncontrolled term ძველი მსოფლიოს ისტორია
653 ## - INDEX TERM--UNCONTROLLED
Uncontrolled term ძველი მსოფლიოს არქიტექტურული ძეგლები
700 ## - ADDED ENTRY--PERSONAL NAME
Personal name შიშოვა, ირინე
9 (RLIN) 21337
700 ## - ADDED ENTRY--PERSONAL NAME
Personal name ბუაჩიძე, შ.
Relator term მთარგმნელი
9 (RLIN) 21338
942 ## - ADDED ENTRY ELEMENTS (KOHA)
Koha item type წიგნი
Source of classification or shelving scheme
ეგზემპლარები
ჩამოწერის სტატუსი დაკარგული ეგზემპლარის სტატუსი კლასიფიკაციის წყარო ან თაროზე გაწყობის სქემა დაზიანების სტატუსი არ გაიცემა მუდმივი მდებარეობა (დაცვის ადგილი) ამჟამინდელი ადგილსამყოფელი თაროზე განთავსების ადგილი შეძენის თარიღი ღირებულება, შესყიდვის ნორმალური ფასი სრული შენახვის შიფრი შტრიხკოდი ბოლო ოპერაციის თარიღი ეგზემპლარის მიმდევრობითი ნომერი (კეტერი?) ფასის ძალაში შესვლის თარიღი ეგზემპლარის სახეობა საჯარო შენიშვნა
          ბათუმის შოთა რუსთაველის სახელმწიფო უნივერსიტეტის მთავარი ბიბლიოთეკა ბათუმის შოთა რუსთაველის სახელმწიფო უნივერსიტეტის მთავარი ბიბლიოთეკა წიგნსაცავი 2018-12-17 0.00 94(3)+ 72(3) ნ-44 28344 2018-12-17 28344 2018-12-17 წიგნი 0,38თ.